000 01718cgm a2200313Ii 4500
005 20251230114915.0
007 vd cvaizk
008 250217s2025 332 ## v eng d
024 _a883929835218
_q (videorecording)
040 _aCTMMSN
_beng
_erda
_cCTMMSN
092 _amovie
_bAbbott Elementary
245 0 0 _aAbbott Elementary. The complete third season /
264 _a[Place of publication not identified?]:
_bWarner Home Video,
_c2025
264 _aOld Saybrook, Connecticut :
_bwww.micromarketing.org
_c2025
300 _a[2 videodisc (approximately 332 minutes)?] :
_bsound, color;
_c4 3/4 in.
336 _atwo-dimensional moving image
337 _avideo
338 _avideodisc
490 0 _aAbbott Elementary;
_v3
500 _a[Typographic symbols and accents removed for systems compatibility.]
500 _aWidescreen edition.
520 _aThe teachers are back at Willard R. Abbott Public School for development week, a time to prepare for the upcoming year before the students' first day of school. Post-breakup, Janine is determined to start the year off right and leave her problems at home. Meanwhile, Ava runs a side hustle out of the school parking lot and Gregory, now a full-time teacher, is in over his head with the curriculum. Actor(s) Quinta Brunson, Tyler James Williams, Sheryl Lee Ralph, Lisa Ann Walter, Chris Perfetti. Warner Home Video; 883929835218; 2 Disc(s); 332 min; TV Comedy; TVPG; 04/01/25
521 _aRating: TVPG.
538 _aDVD, color, widescreen, NTSC.
650 7 _aOn TV
_2bisacsh
_96437060
655 _aVideo recordings.
_2lcgft
710 _aWarner Home Video
_95894723
942 _2ddc
_cDVD
999 _c404630
_d404630